00601nam a2200169 a 450000100100000000500170001000800410002702000180006804000250008608200150011110000280012624501170015426000270027130000280029850400730032650400320039900004106220201002034605.0130917s2005 sp a 000 0 spa d a9788400084103 aDO-SdBNPbspacBNPHU axxxxbxxxx1 aBarreiro López, Paula10aArte normativo español :bprocesos y principios para la creación de un movimiento /cPaula Barreiro López. aMadrid :bCSIC,c2005. a163 p. :bil. ;c23 cm. aIncluye referencias bibliográficas y notas al pie de las páginas aBibliografía : p. 133-150